[Event "Munich Pfingst op-A 1st"]
[Site "Munich"]
[Date "2023.05.31"]
[Round "1"]
[White "Parvanyan, Ashot"]
[Black "Brychcy, Felix"]
[Result "1-0"]
[WhiteElo "2431"]
[BlackElo "2064"]
[PlyCount "143"]
[EventDate "2023.05.31"]
[EventType "swiss"]
[EventRounds "9"]
[EventCountry "GER"]
[SourceTitle "CBM 214 Extra"]
[Source "ChessBase"]
[SourceDate "2023.07.31"]
[SourceVersion "1"]
[SourceVersionDate "2023.07.31"]
[SourceQuality "1"]

1. Nf3 Nf6 2. c4 e6 3. g3 d5 4. Bg2 Be7 5. 0-0 0-0 6. d4 dxc4 7. Qc2 a6 8. a4 Bd7 9. Qxc4 Bc6 10. Bg5 Bd5 11. Qc2 Be4 12. Qc1 Nc6 13. Rd1 Bxf3 14. Bxf3 Nxd4 15. Kg2 c5 16. e3 Nb3 17. Rxd8 Nxc1 18. Rxa8 Rxa8 19. Bxb7 Ra7 20. Bf3 Nb3 21. Ra2 h6 22. Bxf6 Bxf6 23. Nc3 Rd7 24. Ra3 c4 25. a5 Nc5 26. Na4 Nd3 27. Nb6 Bxb2 28. Ra4 Rc7 29. Rxc4 Rc5 30. Be2 Rxc4 31. Nxc4 Nc1 32. Nxb2 Nxe2 33. Nd3 Kf8 34. Kf3 Nc3 35. Nb4 Ke7 36. Nxa6 Kd6 37. Nb4 Kc5 38. a6 Nb5 39. Nd3+ Kb6 40. Nf4 Kxa6 41. Nh5 g6 42. Nf6 Kb6 43. g4 Kc5 44. Ng8 Kd6 45. Nxh6 Ke7 46. Ng8+ Kf8 47. Nf6 Ke7 48. g5 Nd6 49. Kf4 Nc4 50. Ne4 e5+ 51. Kg4 Ke6 52. h4 Kd5 53. Nf6+ Ke6 54. h5 gxh5+ 55. Nxh5 Nd6 56. Ng7+ Kd5 57. Nh5 Ke6 58. Ng3 Kd5 59. Kh5 Ke6 60. Kh6 Ke7 61. Kg7 Ne8+ 62. Kh7 Nd6 63. Kg8 Ke8 64. e4 Kd7 65. f3 Ke6 66. Kf8 Nb5 67. Nf5 Nd4 68. Ng7+ Kd7 69. Kxf7 Nxf3 70. Ne6 Nh4 71. Nf8+ Kd6 72. g6 1-0

[Event "Mittelfranken Landesliga Sued 2223"]
[Site "Mittelfranken"]
[Date "2023.02.05"]
[Round "6.2"]
[White "Brychcy, Felix"]
[Black "Wurzel, Andre"]
[Result "1/2-1/2"]
[WhiteElo "2036"]
[BlackElo "2110"]
[PlyCount "89"]
[EventDate "2022.10.09"]
[EventType "team-tourn"]
[EventRounds "9"]
[EventCountry "GER"]
[SourceTitle "EXT 2024"]
[Source "ChessBase"]
[SourceDate "2023.10.10"]
[SourceVersion "1"]
[SourceVersionDate "2023.10.10"]
[SourceQuality "1"]
[WhiteTeam "Muenchen Zugzwang II"]
[BlackTeam "Neuburg"]
[WhiteTeamCountry "GER"]
[BlackTeamCountry "GER"]

1. e4 e6 2. d4 d5 3. exd5 exd5 4. Nf3 Nf6 5. Bd3 c5 6. 0-0 c4 7. Re1+ Be7 8. Bf1 0-0 9. b3 cxb3 10. axb3 Nc6 11. Ne5 Ne4 12. Nxc6 bxc6 13. f3 Nf6 14. Ba3 Bxa3 15. Rxa3 Qb6 16. Qd2 c5 17. dxc5 Qxc5+ 18. Qf2 Qc7 19. b4 Bf5 20. c3 Bxb1 21. Rxb1 Nd7 22. Rba1 Nb6 23. Qd4 Rfe8 24. Ra5 h6 25. Rc5 Qe7 26. Bb5 Red8 27. Kf2 Rac8 28. Bd3 Rxc5 29. bxc5 Nc4 30. c6 Qc7 31. Rxa7 Qxc6 32. Bxc4 Qxc4 33. Qxc4 dxc4 34. Rc7 Rd2+ 35. Kg3 g5 36. Rxc4 Kg7 37. Rc6 Rc2 38. c4 f6 39. Kh3 h5 40. g3 Kg6 41. g4 h4 42. Rc5 Kg7 43. Rc7+ Kg6 44. Rc5 Kg7 45. Rc7+ 1/2-1/2

[Event "Mittelfranken Landesliga Sued 2223"]
[Site "Mittelfranken"]
[Date "2022.12.11"]
[Round "4.3"]
[White "Dehlinger, Alexander"]
[Black "Brychcy, Felix"]
[Result "1/2-1/2"]
[WhiteElo "2283"]
[BlackElo "2036"]
[PlyCount "93"]
[EventDate "2022.10.09"]
[EventType "team-tourn"]
[EventRounds "9"]
[EventCountry "GER"]
[SourceTitle "EXT 2024"]
[Source "ChessBase"]
[SourceDate "2023.10.10"]
[SourceVersion "1"]
[SourceVersionDate "2023.10.10"]
[SourceQuality "1"]
[WhiteTeam "Garching II"]
[BlackTeam "Muenchen Zugzwang II"]
[WhiteTeamCountry "GER"]
[BlackTeamCountry "GER"]

1. Nf3 Nf6 2. c4 g6 3. g3 Bg7 4. Bg2 0-0 5. 0-0 c5 6. Nc3 d6 7. d4 Nc6 8. dxc5 dxc5 9. Bf4 Nh5 10. Be3 Be6 11. Nd5 b6 12. Qd2 Na5 13. b3 Bxa1 14. Rxa1 f6 15. Rd1 Bf7 16. Qc2 e6 17. Nc3 Qe7 18. g4 Ng7 19. g5 f5 20. Ne5 Rad8 21. Rd3 Rxd3 22. exd3 Rd8 23. Ne2 Be8 24. Qc3 Rd6 25. Bf4 Nh5 26. Bc1 Nc6 27. Bb2 Qg7 28. Nxc6 Bxc6 29. Qxg7+ Nxg7 30. Be5 Bxg2 31. Bxd6 Bf3 32. Nc3 Kf7 33. Bb8 a6 34. Ba7 e5 35. Bxb6 Ne6 36. h4 Ke7 37. Nd5+ Kd6 38. Nf6 Nf4 39. Nxh7 Nxd3 40. Ba5 Nf4 41. Kh2 Nd3 42. Kg3 e4 43. Bd2 Ke5 44. Bc3+ Ke6 45. Bd2 Ke5 46. Bc3+ Ke6 47. Bd2 1/2-1/2

[Event "Mittelfranken Landesliga Sued 2122"]
[Site "Mittelfranken"]
[Date "2022.04.03"]
[Round "7.4"]
[White "Brychcy, Felix"]
[Black "Kindtner, Ulrich"]
[Result "0-1"]
[WhiteElo "2078"]
[BlackElo "2196"]
[PlyCount "64"]
[EventDate "2021.10.24"]
[EventType "team-tourn"]
[EventRounds "9"]
[EventCountry "GER"]
[SourceTitle "EXT 2024"]
[Source "ChessBase"]
[SourceDate "2023.10.10"]
[SourceVersion "1"]
[SourceVersionDate "2023.10.10"]
[SourceQuality "1"]
[WhiteTeam "Muenchen Zugzwang II"]
[BlackTeam "Muenchen SC II"]
[WhiteTeamCountry "GER"]
[BlackTeamCountry "GER"]

1. e4 g6 2. d4 Bg7 3. Nf3 c6 4. Bd3 d5 5. exd5 cxd5 6. Bf4 Nc6 7. h3 Qb6 8. Nc3 Nxd4 9. Nxd4 Qxd4 10. Bb5+ Kf8 11. Nxd5 Qe4+ 12. Qe2 Bf5 13. 0-0-0 Rc8 14. Qxe4 Bxe4 15. Ne3 e5 16. Bh2 Bh6 17. Bd3 Bxg2 18. Bxe5 Bxh1 19. Bxh8 Bf3 20. Re1 f6 21. Kb1 Re8 22. Bc4 Bg5 23. Rg1 Nh6 24. Rxg5 fxg5 25. b3 Nf5 26. Nd5 Nd6 27. Nc7 Re1+ 28. Kb2 Nxc4+ 29. bxc4 Kf7 30. Nb5 a6 31. Nd4 Bg2 32. c5 Re8 0-1

[Event "Mittelfranken Landesliga Sued 2122"]
[Site "Mittelfranken"]
[Date "2021.10.24"]
[Round "1.2"]
[White "Tournier, Mathieu"]
[Black "Brychcy, Felix"]
[Result "1-0"]
[WhiteElo "2268"]
[BlackElo "2078"]
[PlyCount "72"]
[EventDate "2021.10.24"]
[EventType "team-tourn"]
[EventRounds "9"]
[EventCountry "GER"]
[SourceTitle "EXT 2024"]
[Source "ChessBase"]
[SourceDate "2023.10.10"]
[SourceVersion "1"]
[SourceVersionDate "2023.10.10"]
[SourceQuality "1"]
[WhiteTeam "Bayern Muenchen III"]
[BlackTeam "Muenchen Zugzwang II"]
[WhiteTeamCountry "GER"]
[BlackTeamCountry "GER"]

1. e4 e5 2. Nf3 Nc6 3. Bc4 Nf6 4. d3 h6 5. c3 d6 6. Nbd2 g5 7. Nf1 g4 8. N3d2 d5 9. Bb3 Be6 10. Qe2 Qd7 11. exd5 Nxd5 12. Nc4 Bg7 13. Ng3 0-0-0 14. Nh5 Bf8 15. Ba4 f6 16. Na5 Qf7 17. Bxc6 bxc6 18. d4 Qxh5 19. Qa6+ Kd7 20. Qxc6+ Ke7 21. 0-0 Kf7 22. dxe5 Qxe5 23. Nc4 Qe2 24. Be3 Ne7 25. Qxc7 Qxc4 26. Qxd8 Nc6 27. Qc7+ Be7 28. b3 Qe4 29. Rae1 Bd5 30. f3 gxf3 31. Rxf3 Ne5 32. Rg3 Rg8 33. Bf2 Qxg2+ 34. Rxg2 Bxg2 35. Bg3 Ba8 36. Rf1 Rg5 1-0

[Event "DSOL 03 Liga Gr-D 1st"]
[Site "Playchess.com INT"]
[Date "2020.07.28"]
[Round "6.1"]
[White "Brychcy, Felix"]
[Black "Guelke, Volker"]
[Result "0-1"]
[WhiteElo "2106"]
[BlackElo "2049"]
[PlyCount "138"]
[EventDate "2020.06.22"]
[EventType "team-tourn (rapid)"]
[EventCountry "GER"]
[SourceTitle "EXT 2021"]
[Source "ChessBase"]
[SourceDate "2020.10.23"]
[SourceVersion "1"]
[SourceVersionDate "2020.10.23"]
[SourceQuality "1"]
[WhiteTeam "MSA Zugzwang"]
[BlackTeam "Eutin"]
[WhiteTeamCountry "GER"]
[BlackTeamCountry "GER"]

1. e4 Nf6 2. e5 Nd5 3. d4 d6 4. Nf3 dxe5 5. Nxe5 c6 6. Qf3 Be6 7. c4 Nb4 8. Qc3 Qxd4 9. Qxb4 Qxe5+ 10. Be3 Bc8 11. Be2 e6 12. Qc3 Qxc3+ 13. Nxc3 Be7 14. 0-0-0 e5 15. Ne4 Be6 16. Nc5 Bxc5 17. Bxc5 Nd7 18. Bd6 0-0-0 19. b3 Rhe8 20. Kb2 f5 21. b4 Nb6 22. Kb3 Bf7 23. a4 Nd5 24. Bc5 Nf4 25. Bf3 e4 26. g3 Nd3 27. Be2 Nxc5+ 28. bxc5 Re5 29. Rxd8+ Kxd8 30. Kb4 b6 31. cxb6 axb6 32. Ra1 Kc7 33. a5 Rxa5 34. Rxa5 bxa5+ 35. Kxa5 g5 36. c5 Bd5 37. Kb4 Kd7 38. Kc3 Ke6 39. Kd4 Bb3 40. Ba6 Ba4 41. Bc8+ Kf6 42. Bd7 h5 43. h4 Bb5 44. Be8 f4 45. Kxe4 fxg3 46. fxg3 gxh4 47. gxh4 Ba4 48. Bxh5 Bc2+ 49. Kf4 Bd3 50. Bf3 Bb5 51. Be4 Ba4 52. h5 Kg7 53. Kg5 Bb5 54. Bg6 Ba4 55. h6+ Kh8 56. Kf6 Bd1 57. Be4 Ba4 58. Ke7 Bb5 59. Kd6 Ba4 60. Kc7 Kg8 61. Kb6 Kh8 62. Bg6 Kg8 63. Bd3 Kh8 64. Be4 Kg8 65. Kc7 Kh8 66. Kd6 Kg8 67. Bxc6 Bc2 68. Bd5+ Kh7 69. c6 Bd3 0-1

[Event "Regionalliga Sued-West 1819"]
[Site "Bayern"]
[Date "2018.10.21"]
[Round "1.4"]
[White "Wippich, Markus"]
[Black "Brychcy, Felix"]
[Result "0-1"]
[WhiteElo "1971"]
[BlackElo "2091"]
[PlyCount "74"]
[EventDate "2018.10.21"]
[EventType "team-tourn"]
[EventRounds "9"]
[EventCountry "GER"]
[SourceTitle "EXT 2022"]
[Source "ChessBase"]
[SourceDate "2021.10.06"]
[SourceVersion "1"]
[SourceVersionDate "2021.10.06"]
[SourceQuality "1"]
[WhiteTeam "Augsburg SK Rochade"]
[BlackTeam "Zugzwang MSA II"]
[WhiteTeamCountry "GER"]
[BlackTeamCountry "GER"]

1. e4 e5 2. Bc4 Nf6 3. d4 exd4 4. Nf3 Nc6 5. 0-0 Bc5 6. e5 d5 7. exf6 dxc4 8. Re1+ Be6 9. Ng5 Qd5 10. Nc3 Qf5 11. Nce4 Bf8 12. Nxe6 fxe6 13. f7+ Kxf7 14. Ng5+ Kg8 15. Nxe6 Re8 16. Nxc7 Rxe1+ 17. Qxe1 h6 18. Qe6+ Qxe6 19. Nxe6 Kf7 20. Nxf8 Rxf8 21. Bd2 Ke6 22. Kf1 Kd5 23. Rd1 b5 24. b3 Kc5 25. Re1 c3 26. Bc1 Kd5 27. a3 a5 28. f3 Rf7 29. Re8 Re7 30. Rxe7 Nxe7 31. Ke2 Nc6 32. Bf4 a4 33. bxa4 bxa4 34. Kd3 Nb4+ 35. axb4 a3 36. Be5 Kxe5 37. Kc4 a2 0-1

[Event "Regionalliga Sued-West 1718"]
[Site "Bayern"]
[Date "2018.02.25"]
[Round "7.3"]
[White "Brychcy, Felix"]
[Black "Dorendorf, Hagen"]
[Result "1-0"]
[WhiteElo "2085"]
[BlackElo "2077"]
[PlyCount "125"]
[EventDate "2017.10.22"]
[EventType "team-tourn"]
[EventRounds "9"]
[EventCountry "GER"]
[SourceTitle "EXT 2022"]
[Source "ChessBase"]
[SourceDate "2021.10.06"]
[SourceVersion "1"]
[SourceVersionDate "2021.10.06"]
[SourceQuality "1"]
[WhiteTeam "Zugzwang MSA II"]
[BlackTeam "Haar"]
[WhiteTeamCountry "GER"]
[BlackTeamCountry "GER"]

1. e4 d6 2. d4 Nf6 3. Nc3 g6 4. f4 Bg7 5. Nf3 0-0 6. e5 Ne8 7. Be3 c6 8. Bd3 Na6 9. a3 Nec7 10. Ne2 Nd5 11. Bd2 b5 12. 0-0 Qb6 13. b4 Bg4 14. Kh1 f6 15. exd6 exd6 16. f5 g5 17. c3 Rae8 18. Ng3 Ne3 19. Bxe3 Rxe3 20. h3 Bxf3 21. Rxf3 Re7 22. a4 Nc7 23. axb5 Nxb5 24. Bxb5 Qxb5 25. d5 c5 26. Qa4 Qb7 27. bxc5 Qxd5 28. cxd6 Qxd6 29. Qc4+ Kh8 30. Rd3 Qe5 31. Qd4 Qb8 32. Re3 Rb7 33. Rae1 h6 34. c4 Kh7 35. Ne4 Rd8 36. Nxf6+ Kh8 37. Qxd8+ Qxd8 38. Re8+ Qxe8 39. Rxe8+ Bf8 40. Nh5 Kg8 41. Rc8 Kf7 42. c5 a5 43. Ra8 Bxc5 44. Rxa5 Rb1+ 45. Kh2 Bd6+ 46. g3 Rb2+ 47. Kh1 Rb1+ 48. Kg2 Rb2+ 49. Kf3 Rb3+ 50. Kg2 Rb2+ 51. Kf1 Rb1+ 52. Ke2 Rb2+ 53. Kd3 Bxg3 54. Ra7+ Kf8 55. Nxg3 Rb3+ 56. Ke4 Rxg3 57. Ke5 Rb3 58. Ra6 Kg7 59. Ra7+ Kf8 60. f6 Rf3 61. Ke6 Kg8 62. Ra8+ Kh7 63. f7 1-0

[Event "Bayern-chI Bank Hofmann 21st"]
[Site "Tegernsee"]
[Date "2017.10.31"]
[Round "4"]
[White "Osmanodja, Filiz"]
[Black "Brychcy, Felix"]
[Result "0-1"]
[WhiteElo "2245"]
[BlackElo "2015"]
[PlyCount "92"]
[EventDate "2017.10.28"]
[EventType "swiss"]
[EventRounds "9"]
[EventCountry "GER"]
[SourceTitle "CBM 181 Extra"]
[Source "ChessBase"]
[SourceDate "2017.12.12"]
[SourceVersion "1"]
[SourceVersionDate "2017.12.12"]
[SourceQuality "1"]

1. e4 e5 2. Nf3 Nc6 3. Bb5 a6 4. Ba4 Nf6 5. 0-0 Be7 6. Re1 b5 7. Bb3 0-0 8. h3 d6 9. c3 Nb8 10. d4 Nbd7 11. Nbd2 Bb7 12. Bc2 Re8 13. Nf1 Bf8 14. Ng3 g6 15. a4 c5 16. d5 c4 17. Bg5 Be7 18. Be3 Qc7 19. Nh2 Nc5 20. Ng4 Nxg4 21. hxg4 Rab8 22. a5 Bc8 23. Nf1 Qd8 24. f3 Bg5 25. Kf2 Rf8 26. Qd2 h6 27. Ng3 Kg7 28. Rh1 Bxe3+ 29. Qxe3 Qg5 30. Qe1 Bd7 31. Nf1 Rh8 32. Qe3 b4 33. cxb4 Rxb4 34. Qc3 Rhb8 35. Ra2 Qc1 36. Ng3 Qf4 37. Ne2 Qg5 38. Rb1 Qh4+ 39. Kg1 Qg5 40. Kf1 R8b7 41. g3 Rb3 42. Bxb3 Rxb3 43. Qxc4 Rxf3+ 44. Kg2 Qe3 45. Ra3 Qf2+ 46. Kh1 Bb5 0-1

[Event "Bayern-chI Bank Hofmann 21st"]
[Site "Tegernsee"]
[Date "2017.10.30"]
[Round "3"]
[White "Brychcy, Felix"]
[Black "Kulaots, Kaido"]
[Result "0-1"]
[WhiteElo "2015"]
[BlackElo "2573"]
[PlyCount "100"]
[EventDate "2017.10.28"]
[EventType "swiss"]
[EventRounds "9"]
[EventCountry "GER"]
[SourceTitle "CBM 181 Extra"]
[Source "ChessBase"]
[SourceDate "2017.12.12"]
[SourceVersion "1"]
[SourceVersionDate "2017.12.12"]
[SourceQuality "1"]

1. d4 Nf6 2. Nf3 e6 3. g3 b5 4. a4 b4 5. Bg2 Bb7 6. 0-0 Be7 7. Nbd2 0-0 8. c4 c5 9. dxc5 Na6 10. Nb3 Nxc5 11. Nfd4 Nce4 12. f3 Nc5 13. e4 d6 14. Be3 Nfd7 15. Nxc5 dxc5 16. Nb3 Qc7 17. Qe2 a5 18. Rfd1 Nb6 19. Nd2 Bf6 20. Ra2 Rfd8 21. b3 Bd4 22. Nf1 e5 23. Bf2 Bc8 24. Ne3 Be6 25. Rad2 Rac8 26. Kh1 Qd6 27. Bg1 Bd7 28. Qf1 Qh6 29. Qe2 Be6 30. Nf5 Bxf5 31. exf5 Re8 32. Rd3 Nd7 33. Be3 Qh5 34. g4 Qh4 35. Qd2 h6 36. Qe1 Qe7 37. Qg3 Nf6 38. Bf2 e4 39. R3d2 Bxf2 40. Rxf2 Rcd8 41. Re1 Rd3 42. h4 e3 43. g5 Ne4 44. fxe4 exf2 45. Qxf2 Qe5 46. gxh6 gxh6 47. Rg1 Kh7 48. Bf3 Rxb3 49. Rg3 Rb1+ 50. Kg2 Rb2 0-1

[Event "Bayern-chI Bank Hofmann 21st"]
[Site "Tegernsee"]
[Date "2017.10.29"]
[Round "2"]
[White "Loew, Gerald"]
[Black "Brychcy, Felix"]
[Result "0-1"]
[WhiteElo "2262"]
[BlackElo "2015"]
[PlyCount "94"]
[EventDate "2017.10.28"]
[EventType "swiss"]
[EventRounds "9"]
[EventCountry "GER"]
[SourceTitle "CBM 181 Extra"]
[Source "ChessBase"]
[SourceDate "2017.12.12"]
[SourceVersion "1"]
[SourceVersionDate "2017.12.12"]
[SourceQuality "1"]

1. c4 e5 2. Nc3 Nf6 3. Nf3 Nc6 4. d4 exd4 5. Nxd4 Bb4 6. Bg5 h6 7. Bh4 d6 8. Rc1 Bd7 9. e3 g5 10. Bg3 Qe7 11. Be2 h5 12. h3 Ne4 13. Bh2 0-0-0 14. 0-0 Bxc3 15. bxc3 g4 16. Nxc6 Bxc6 17. hxg4 hxg4 18. Bxg4+ Kb8 19. f3 Qh4 20. Bh3 Ng5 21. Rc2 Rdg8 22. Kh1 Nxh3 23. gxh3 Qxh3 24. Rcf2 Rg3 25. e4 b6 26. Rg1 Rgg8 27. Qf1 Qe6 28. Rfg2 Rxg2 29. Rxg2 f5 30. exf5 Qxf5 31. Kg1 Bxf3 32. Rg3 Qc5+ 33. Qf2 Qxf2+ 34. Kxf2 Rxh2+ 35. Kxf3 Rxa2 36. Ke4 Rd2 37. Ke3 Rd1 38. Ke2 Rh1 39. Kd3 Rh4 40. Rg1 Kb7 41. Ra1 a5 42. Rb1 Kc6 43. Rb5 Rh2 44. Rb3 Rh5 45. Kd4 a4 46. Ra3 Ra5 47. c5 dxc5+ 0-1

[Event "BL2-Ost 1516"]
[Site "Germany"]
[Date "2015.12.12"]
[Round "5.8"]
[White "Brychcy, Felix"]
[Black "Doeres, Hans Juergen"]
[Result "1/2-1/2"]
[WhiteElo "2047"]
[BlackElo "2209"]
[PlyCount "94"]
[EventDate "2015.09.20"]
[EventType "team-tourn"]
[EventRounds "9"]
[EventCountry "GER"]
[SourceTitle "CBM 170 Extra"]
[Source "ChessBase"]
[SourceDate "2016.02.25"]
[SourceVersion "1"]
[SourceVersionDate "2016.02.25"]
[SourceQuality "1"]
[WhiteTeam "Zugzwang MSA"]
[BlackTeam "Forchheim"]
[WhiteTeamCountry "GER"]
[BlackTeamCountry "GER"]

1. e4 c5 2. Nf3 e6 3. d4 cxd4 4. Nxd4 Nc6 5. Nc3 Qc7 6. Be2 a6 7. Be3 Nf6 8. 0-0 Bb4 9. Na4 Be7 10. c4 Nxe4 11. c5 0-0 12. Rc1 Rb8 13. Qd3 Nf6 14. Bg5 Nb4 15. Qc4 Nbd5 16. Bh4 d6 17. Bg3 e5 18. Nf3 b5 19. cxb6 Qb7 20. Qb3 Bd7 21. Nd2 Nxb6 22. Nxb6 Qxb6 23. Qxb6 Rxb6 24. Nc4 Rc6 25. Na5 Rb6 26. Nc4 Rbb8 27. Rcd1 Ne4 28. Nxe5 Ba4 29. b3 Nxg3 30. hxg3 dxe5 31. bxa4 Rb4 32. Rd7 Bc5 33. Rc7 Bd4 34. Bxa6 Rxa4 35. Bc4 Rb4 36. Bb3 Rb6 37. Rfc1 Rf6 38. R1c2 g5 39. Bd5 Rd8 40. Rc8 Rxc8 41. Rxc8+ Kg7 42. Rc2 h5 43. Kf1 g4 44. f3 Kg6 45. Rc6 Rxc6 46. Bxc6 Kg5 47. a4 Bb6 1/2-1/2

[Event "Regionalliga SW 1415"]
[Site "Bayern"]
[Date "2015.02.22"]
[Round "7.6"]
[White "Link, Ulrich"]
[Black "Brychcy, Felix"]
[Result "1/2-1/2"]
[WhiteElo "1978"]
[BlackElo "1966"]
[PlyCount "91"]
[EventDate "2014.10.19"]
[EventType "team-tourn"]
[EventRounds "9"]
[EventCountry "GER"]
[SourceTitle "EXT 2018"]
[Source "ChessBase"]
[SourceDate "2017.10.13"]
[SourceVersion "1"]
[SourceVersionDate "2017.10.13"]
[SourceQuality "1"]
[WhiteTeam "Krumbach"]
[BlackTeam "MSA Zugzwang II"]
[WhiteTeamCountry "GER"]
[BlackTeamCountry "GER"]

1. d4 d5 2. Nf3 Nf6 3. c4 e6 4. Bg5 Be7 5. e3 h6 6. Bxf6 Bxf6 7. cxd5 exd5 8. Nc3 0-0 9. b4 c6 10. Bd3 Be6 11. Na4 Be7 12. Rb1 b5 13. Nc5 Bxc5 14. dxc5 Bg4 15. a4 a6 16. Bc2 Bxf3 17. Qxf3 Nd7 18. Qf5 g6 19. Qf4 Qg5 20. Qxg5 hxg5 21. h4 gxh4 22. Rxh4 Rfe8 23. Ke2 Kg7 24. Ra1 Ne5 25. Bb3 f5 26. Kd2 Rh8 27. Rxh8 Rxh8 28. axb5 axb5 29. f4 Ng4 30. Ra7+ Kh6 31. Bd1 Re8 32. Bxg4 fxg4 33. Rd7 Ra8 34. Rd6 Ra2+ 35. Ke1 Rxg2 36. f5 Rb2 37. Rxc6 Kg5 38. fxg6 Kh6 39. Rd6 Rxb4 40. Kf2 Rc4 41. Kg3 b4 42. Rb6 d4 43. exd4 Rxd4 44. c6 Rc4 45. c7 Rxc7 46. Rxb4 1/2-1/2

[Event "Regionalliga SW 1415"]
[Site "Bayern"]
[Date "2014.11.09"]
[Round "2.7"]
[White "Brychcy, Felix"]
[Black "Braun, Thomas1111"]
[Result "0-1"]
[WhiteElo "1966"]
[BlackElo "2062"]
[PlyCount "62"]
[EventDate "2014.10.19"]
[EventType "team-tourn"]
[EventRounds "9"]
[EventCountry "GER"]
[SourceTitle "EXT 2018"]
[Source "ChessBase"]
[SourceDate "2017.10.13"]
[SourceVersion "1"]
[SourceVersionDate "2017.10.13"]
[SourceQuality "1"]
[WhiteTeam "MSA Zugzwang II"]
[BlackTeam "Bayern Muenchen III"]
[WhiteTeamCountry "GER"]
[BlackTeamCountry "GER"]

1. e4 e6 2. d4 d5 3. Nc3 Bb4 4. e5 Ne7 5. a3 Bxc3+ 6. bxc3 c5 7. Nf3 h6 8. Be2 0-0 9. 0-0 b6 10. a4 Ba6 11. Bxa6 Nxa6 12. Nh4 Nb8 13. Qg4 Kh7 14. Qh3 Nbc6 15. f4 Qd7 16. Be3 cxd4 17. cxd4 Nf5 18. g4 Nxh4 19. Qxh4 f5 20. exf6 Rxf6 21. Rf3 Ne7 22. a5 bxa5 23. Rxa5 Raf8 24. Rf2 Qc7 25. Rc5 Qb8 26. Qh3 Qb4 27. c3 Qb1+ 28. Qf1 Qe4 29. Rc7 Qxe3 30. Rxe7 Rxf4 31. Qb1+ Kh8 0-1

[Event "Regionalliga SW 1314"]
[Site "Bayern"]
[Date "2013.12.15"]
[Round "4.7"]
[White "Brychcy, Felix"]
[Black "Wengler, Joerg"]
[Result "1-0"]
[WhiteElo "2002"]
[BlackElo "2042"]
[PlyCount "85"]
[EventDate "2013.10.13"]
[EventType "team-tourn"]
[EventRounds "9"]
[EventCountry "GER"]
[SourceTitle "EXT 2015"]
[Source "ChessBase"]
[SourceDate "2014.11.20"]
[SourceVersion "1"]
[SourceVersionDate "2014.11.20"]
[SourceQuality "1"]
[WhiteTeam "MSA Zugzwang II"]
[BlackTeam "Bayern Muenchen III"]
[WhiteTeamCountry "GER"]
[BlackTeamCountry "GER"]

1. c4 e6 2. d4 d5 3. Nf3 Nf6 4. g3 Be7 5. Bg2 0-0 6. 0-0 b6 7. cxd5 Nxd5 8. e4 Nf6 9. Nc3 Bb7 10. Qc2 h6 11. Rd1 c6 12. Bf4 Nbd7 13. Rac1 b5 14. Ne1 Rc8 15. Nd3 Qb6 16. b4 a5 17. a3 axb4 18. axb4 Ra8 19. Nc5 Rfd8 20. Ra1 Nf8 21. h3 Rxd4 22. Be3 Rxd1+ 23. Qxd1 Qc7 24. Rxa8 Bxa8 25. Qa1 Bxc5 26. Bxc5 Bb7 27. e5 N6d7 28. Bd6 Qb6 29. Ne4 Qd8 30. h4 f6 31. Qd4 f5 32. Bxf8 fxe4 33. Bd6 Qb6 34. Qxe4 Qa6 35. Qg6 Qa1+ 36. Kh2 Nxe5 37. Qe8+ Kh7 38. Be4+ g6 39. h5 Ng4+ 40. Kg2 Qf6 41. hxg6+ Kg7 42. Qd7+ Kg8 43. Qh7# 1-0

[Event "Regionalliga SW 1314"]
[Site "Bayern"]
[Date "2013.11.10"]
[Round "2.6"]
[White "Schrader, Jan Erik"]
[Black "Brychcy, Felix"]
[Result "1-0"]
[WhiteElo "2074"]
[BlackElo "2002"]
[PlyCount "79"]
[EventDate "2013.10.13"]
[EventType "team-tourn"]
[EventRounds "9"]
[EventCountry "GER"]
[SourceTitle "EXT 2015"]
[Source "ChessBase"]
[SourceDate "2014.11.20"]
[SourceVersion "1"]
[SourceVersionDate "2014.11.20"]
[SourceQuality "1"]
[WhiteTeam "Muenchen 36"]
[BlackTeam "MSA Zugzwang II"]
[WhiteTeamCountry "GER"]
[BlackTeamCountry "GER"]

1. e4 c5 2. Nc3 Nc6 3. g3 g6 4. Bg2 Bg7 5. d3 e5 6. Nh3 d6 7. f4 Nge7 8. 0-0 0-0 9. f5 f6 10. fxg6 hxg6 11. Be3 Nd4 12. Qd2 Be6 13. Nd1 Qd7 14. Nhf2 Qa4 15. b3 Qa6 16. Nb2 b5 17. c3 Ndc6 18. Bh6 Qb6 19. Kh1 Kh7 20. Bxg7 Kxg7 21. Nbd1 d5 22. Ne3 d4 23. cxd4 Nxd4 24. Rae1 Rad8 25. Nfg4 Ng8 26. Nd5 Rxd5 27. exd5 Bxg4 28. h3 Bd7 29. g4 Qd6 30. Rf2 Ne7 31. g5 f5 32. Qe3 Nxd5 33. Qxe5+ Qxe5 34. Rxe5 Bc6 35. Bxd5 Rd8 36. Bxc6 Nxc6 37. Rxc5 Nb4 38. Rxb5 Nc6 39. Rb7+ Kg8 40. Rc2 1-0

[Event "Regionalliga SW 1213"]
[Site "Bayern"]
[Date "2012.11.11"]
[Round "2.4"]
[White "Joerg, Harald"]
[Black "Brychcy, Felix"]
[Result "0-1"]
[WhiteElo "2179"]
[BlackElo "1991"]
[PlyCount "52"]
[EventDate "2012.10.14"]
[EventType "team-tourn"]
[EventRounds "9"]
[EventCountry "GER"]
[SourceTitle "EXT 2015"]
[Source "ChessBase"]
[SourceDate "2014.11.20"]
[SourceVersion "1"]
[SourceVersionDate "2014.11.20"]
[SourceQuality "1"]
[WhiteTeam "Muenchen Siemens"]
[BlackTeam "MSA Zugzwang II"]
[WhiteTeamCountry "GER"]
[BlackTeamCountry "GER"]

1. e4 e5 2. f4 exf4 3. Nf3 g5 4. h4 g4 5. Ne5 Nf6 6. d4 d6 7. Nd3 Nxe4 8. Qe2 Qe7 9. Bxf4 Nd7 10. Nd2 Ndf6 11. 0-0-0 Bf5 12. Re1 0-0-0 13. g3 Qd7 14. Bg2 Re8 15. Nxe4 Bxe4 16. Bg5 Bg7 17. Rhf1 Bf3 18. Bxf3 Rxe2 19. Bxe2 Ne4 20. Rxf7 Qxf7 21. Bxg4+ Kb8 22. Rxe4 Re8 23. Rxe8+ Qxe8 24. c3 Qe4 25. Nf2 Qe1+ 26. Nd1 Qxg3 0-1

[Event "Oberliga Bayern 1112"]
[Site "Bayern"]
[Date "2011.10.02"]
[Round "1.8"]
[White "Schmidt, Anton"]
[Black "Brychcy, Felix"]
[Result "1/2-1/2"]
[WhiteElo "2055"]
[BlackElo "1992"]
[PlyCount "102"]
[EventDate "2011.10.02"]
[EventType "team-tourn"]
[EventRounds "9"]
[EventCountry "GER"]
[SourceTitle "EXT 2013"]
[Source "ChessBase"]
[SourceDate "2012.11.22"]
[SourceVersion "1"]
[SourceVersionDate "2012.11.22"]
[SourceQuality "1"]
[WhiteTeam "Groebenzell"]
[BlackTeam "MSA Zugzwang"]
[WhiteTeamCountry "GER"]
[BlackTeamCountry "GER"]

1. c4 e5 2. g3 Nf6 3. Bg2 d5 4. cxd5 Nxd5 5. Nc3 Nb6 6. Nf3 Nc6 7. 0-0 Be7 8. a3 0-0 9. b4 Re8 10. d3 Bf8 11. Bb2 Be6 12. Rc1 f6 13. Ne4 Qd7 14. Nc5 Bxc5 15. Rxc5 Bd5 16. Qc2 Rac8 17. Rc1 Re7 18. e4 Be6 19. b5 Nd8 20. d4 exd4 21. Nxd4 Bh3 22. Bxh3 Qxh3 23. Nf5 Rd7 24. a4 Nf7 25. a5 Ng5 26. Qb3+ Kh8 27. axb6 axb6 28. R5c4 Rcd8 29. Rxc7 Rxc7 30. Rxc7 Qg4 31. Rc1 Qxe4 32. Nh4 Nh3+ 33. Kf1 Nxf2 34. Re1 Qh1+ 35. Kxf2 Rd2+ 36. Re2 Qxh2+ 37. Ng2 Rxe2+ 38. Kxe2 Qxg2+ 39. Kd1 h5 40. Bd4 Qh1+ 41. Kd2 Qg2+ 42. Kc1 Qf1+ 43. Kb2 Qe2+ 44. Ka3 Qd2 45. Qc3 Qg5 46. Qd3 Qd5 47. Kb4 Qd6+ 48. Kb3 Qd5+ 49. Kb4 Qd6+ 50. Kb3 Qd5+ 51. Kb4 Qd6+ 1/2-1/2